000 00459nam a2200169Ia 4500
001 30770
003 IN-NITTTR
005 20251114233414.0
008 251113s9999||||xx |||||||||||||| ||eng||
040 _beng
040 _cIN-NITTTR
041 _aeng
082 _a300.72 C41P
100 _aChen, Huey T.
245 0 _aPractical program evaluation :
_b theory-driven evaluation and the integrated evaluation perspective /
_cChen, Huey T.
942 _2ddc
_cBK
999 _c33400
_d33400